Ecos y contrastes : (Record no. 1030)

MARC details
000 -LEADER
campo de control de longitud fija 01602nam a22002537a 4500
008 - DATOS DE LONGITUD FIJA--INFORMACIÓN GENERAL
campo de control de longitud fija 160824s2006 cr||||| |||| 00| 0 spa d
082 04 - NÚMERO DE LA CLASIFICACIÓN DECIMAL DEWEY
Número de clasificación 708
Número de ítem E199e
110 1# - ENTRADA PRINCIPAL--NOMBRE DE ENTIDAD CORPORATIVA
Nombre de entidad corporativa o nombre de jurisdicción como elemento de entrada Fundación Cisneros.
9 (RLIN) 762
245 10 - MENCIÓN DEL TÍTULO
Título Ecos y contrastes :
Resto del título arte contemporáneo en la Colección Cisneros /
Mención de responsabilidad, etc. Fundación Cisneros ; curaduría por Ariel Jiménez ; Museo de Arte y Diseño Contemporáneo, Museo de Arte de El Salvador y TEOR/ética.
250 ## - MENCION DE EDICION
Mención de edición 1a ed.
260 ## - PUBLICACIÓN, DISTRIBUCIÓN, ETC.
Lugar de publicación, distribución, etc. San José, Costa Rica :
Nombre del editor, distribuidor, etc. Fundación Cisneros,
Fecha de publicación, distribución, etc. 2006.
300 ## - DESCRIPCIÓN FÍSICA
Extensión 67 p.
Otras características físicas il. col.
500 ## - NOTA GENERAL
Nota general Catálogo publicado con motivo a dos exposiciones: - Ecos y contrastes, presentada en el Museo de Arte y Diseño Contemporáneo del 7 de diciembre de 2005 al 25 de febrero de 2006; y en el Museo de Arte de El Salvador, presentada del 4 de abril al 24 de junio de 2006. - A contra corriente, presentada en TEOR/ética del 7 de diciembre de 2005 al 19 de febrero de 2006, con obras de Mira Schendel, Gego y Lygia Pape.
505 0# - NOTA DE CONTENIDO CON FORMATO
Título Entrevista a Patricia Phelps de Cisneros
Mención de responsabilidad Ariel Jiménez.
Título Entrevista a Adriana Cisneros de Griffin
Mención de responsabilidad Ariel Jiménez.
Título Ecos y contrastes
Mención de responsabilidad Ariel Jiménez.
Título Selección de obras.
-- Listado de obras Ecos y contrastes.
-- Listado de obras A contra corriente.
653 10 - TÉRMINO DE INDIZACIÓN--NO CONTROLADO
Término no controlado Arte contemporáneo
653 10 - TÉRMINO DE INDIZACIÓN--NO CONTROLADO
Término no controlado Exhibiciones
653 10 - TÉRMINO DE INDIZACIÓN--NO CONTROLADO
Término no controlado Catálogo de exhibición
653 10 - TÉRMINO DE INDIZACIÓN--NO CONTROLADO
Término no controlado Arte latinoamericano
653 10 - TÉRMINO DE INDIZACIÓN--NO CONTROLADO
Término no controlado Instalaciones
710 1# - ENTRADA AGREGADA--NOMBRE DE ENTIDAD CORPORATIVA
Nombre de entidad corporativa o nombre de jurisdicción como elemento de entrada Jiménez, Ariel.
Término indicativo de función/relación curador.
9 (RLIN) 5469
710 1# - ENTRADA AGREGADA--NOMBRE DE ENTIDAD CORPORATIVA
Nombre de entidad corporativa o nombre de jurisdicción como elemento de entrada Museo de Arte y Diseño Contemporáneo.
9 (RLIN) 5470
710 1# - ENTRADA AGREGADA--NOMBRE DE ENTIDAD CORPORATIVA
Nombre de entidad corporativa o nombre de jurisdicción como elemento de entrada Museo de Arte de El Salvador.
9 (RLIN) 1833
710 1# - ENTRADA AGREGADA--NOMBRE DE ENTIDAD CORPORATIVA
Nombre de entidad corporativa o nombre de jurisdicción como elemento de entrada TEOR/ética.
9 (RLIN) 5471
Holdings
Estatus retirado Estado de pérdida Fuente del sistema de clasificación o colocación Estado de daño No para préstamo Biblioteca de origen Biblioteca actual Ubicación en estantería Fecha de adquisición Total de préstamos Signatura topográfica completa Código de barras Visto por última vez Precio de reemplazo Tipo de ítem Koha
    Clasificación Decimal Dewey     Biblioteca LadoV Biblioteca LadoV   24/08/2016   708 E199e 001401 24/08/2016 24/08/2016 Material 01